Table de multiplication 15 - Aléatoire - Statistiques

Statistiques générales
  • Ce quiz a été pris 61 fois
  • Le résultat moyen est 11 sur 12
Statistiques - réponses
Hint Réponse % Correct
10x15 150
98%
3x15 45
98%
7x15 105
96%
1x15 15
96%
5x15 75
96%
9x15 135
95%
12x15 180
95%
2x15 30
95%
8x15 120
93%
4x15 60
93%
6x15 90
93%
11x15 165
91%
Aucun quiz correspondant
Distribution des résultats
% des personnes avec chaque résultat
Percentile par nombre de réponses
Votre historique - résultats
Vous n’avez pas pris ce quiz